00581 a2200157 450000500170000000800410001702000180005808200140007610000250009024500670011526000380018230000130022094200070023399900190024095201640025920240722133012.0240722b |||||||| |||| 00| 0 eng d a9781592539628 a711.5/CAM aCampanario G9207944 aPeople and Motion: Tips and Techniques for Drawing On Location bQuarry Booksc2014aMassachusetts a110pbHB cBK c359139d359139 00102ddc40708Book of B ArchaBNCAbBNCAd2024-07-19e169g982.63iWORD/2024/CRB/521o711.5/CAMpBNCA-BK-12708r2024-07-22 00:00:00v1559.73w2024-07-11yBK